| 000 | 00937nam a2200217Ia 4500 | ||
|---|---|---|---|
| 003 | Ost | ||
| 005 | 20260507075022.0 | ||
| 008 | 260507s9999||||xx |||||||||||||| ||und|| | ||
| 020 | _a6058328977 | ||
| 040 | _cfsecg | ||
| 041 | _aara | ||
| 082 | _a330 | ||
| 100 |
_aدويدار، هاني _eمؤلف |
||
| 245 | 0 |
_aالأعمال التجارية بالقياس / _c هاني دويدار |
|
| 260 |
_aالاسكندرية: _bدار الجامعة الجديدة, _c2004 |
||
| 300 |
_a568 صفحة؛ _bإيضاحات ؛ _c24 سم |
||
| 520 | _aمنهج القياس بين القياس الأحادي والجماعي- دلالة التعداد التشريعي للأعمال التجارية في تعيين حدود الإجتهاد بالقياس- علم القياس على الاعمال التجارية بحسب نص القانون | ||
| 653 | _aادارة الأعمال | ||
| 653 | _aالتجارة | ||
| 942 | _cكتاب | ||
| 999 |
_c42290 _d42290 |
||